Highest rated player in FIFA 20 for each premier league team - Statistics

General Stats
  • This quiz has been taken 56 times
  • The average score is 13 of 20
Answer Stats
Club Name Position Rating Player Name % Correct
Arsenal ST 88 Aubameyang
93%
Chelsea CDM 89 Kante
93%
Manchester United GK 89 De Gea
91%
Tottenham Hotspur ST 89 Kane
91%
Manchester City CAM 91 De Bruyne
89%
Liverpool RW 90 Salah
89%
Crystal Palace CF 83 Zaha
83%
Everton LB 83 Digne
74%
Wolverhampton Wanderers CM 84 Moutinho
74%
Leicester GK 83 Schmeichel
74%
West Ham United LM 84 Anderson
70%
Bournemouth LM 81 Fraser
63%
Watford CDM 81 Doucoure
59%
Aston Villa GK 80 Heaton
54%
Burnley CB 79 Tarkowski
48%
Brighton & Hove Albion GK 80 Ryan
46%
Southampton CM 79 Ward-Prowse
43%
Newcastle United LW 80 Almiron
41%
Norwich City GK 80 Fahrmann
30%
Sheffield United CAM 76 Morrison
20%
No matching quizzes found
Score Distribution
Percent of People with Each Score
Percentile by Number Answered
Your Score History
You have not taken this quiz